| 000 | 00606nam a22001697a 4500 | ||
|---|---|---|---|
| 003 | NUST | ||
| 038 | _aNusrat Nadeem | ||
| 082 | _a200 | ||
| 100 |
_aShah, Aishah _9120254 |
||
| 245 |
_aEvaluating User Interface and User Experience in Immersive Environments – A Comprehensive Evaluation Framework/ _cAishah Shah, |
||
| 264 |
_aIslamabad, _c2023. _bSEECS NUST; |
||
| 300 |
_aill: _b122,p: _c30,cm. |
||
| 650 |
_aMS- Innovative Technologies in Learning (ITL) _9123745 |
||
| 700 |
_aSupervisor: Dr. Arham Muslim _9104694 |
||
| 856 | _uhttp://10.250.8.41:8080/xmlui/handle/123456789/38927 | ||
| 942 |
_2ddc _cSC |
||
| 999 |
_c607634 _d607634 |
||